000
00312pab a2200121 454500
008
180718b xxu||||| |||| 00| 0 eng d
100
_a
MacEwan Arthur
245
_a
Globalisation and stagnation
362
_a
32(25), 7 May 1994, p.15-19,27
650
_a
Economic Development
773
_a
Mainstream
909
_a
26679
999
_c
26679
_d
26679